| 000 | 00412nam a2200181Ia 4500 | ||
|---|---|---|---|
| 005 | 20250603145418.0 | ||
| 008 | 250603s9999 xx 000 0 und d | ||
| 020 | _a0-582-46165-0 | ||
| 050 | _aPZ 7 .V46 N45/ | ||
| 100 | _aVenees, Coleen Degnan | ||
| 245 | 0 | _aNelson Mandela | |
| 260 | _aHarlow, Essex | ||
| 260 | _bPearson | ||
| 260 | _c2001 | ||
| 300 | _a25 p | ||
| 650 | _aHarlow, Essex | ||
| 942 | _cBK | ||
| 999 |
_c41782 _d41782 |
||